Регионална библиотека "Любен Каравелов" - Русе

Созопол (Запис номер 105649)

MARC детайли
000 -Лидер
Контролно поле с фиксирана дължина 01214nam a2200361 c 4500
003 - Код на организацията, давaща контролен номер
Контролно поле BLK
005 - Дата и час на последна редакция
Контролно поле 20180422105655.0
008 - Елементи от данни с фиксирана дължина
fixed length control field 180409b bul|||||r ||||||| ||bul||
010 ## - Наследен системен номер
LC control number KNG00110877000
020 ## - Международен стандартен номер на книга ISBN
Международен стандартен номер на книга ISBN 954-579-216-7
-- издат.: Славена
040 ## - Източник на каталожния запис
Идентификатор на билиотеката - собственик на записа BLK
041 ## - Код за език
Код за езика на текст/звукозапис или на отделно заглавие Български
Код за езика КДБФ Български
080 ## - УДК
Текстов определител УДК Краезнание
УДК код - определител по УДК 908
УДК определител (497.23-21)
УДК - код + определител 908(497.23-21)
100 1# - Редна дума - Автор
Автор Лазаров, Михаил Иванов
Авторска отговорност първи автор
R(LIN) 368906
139 ## - Редно поле
Редна дума Лазаров, Михаил Иванов
Авторски знак Лаз - Л 14
245 10 - Сведения за заглавието
Заглавие Созопол
Редно поле (дума) Михаил Иванов Лазаров.
257 ## - Страна на издаване
Страна на създаване/издаване България
260 ## - Област на издателските данни
-- Варна
Име на издателя, разпространителя и проч. Славена
Година на издаване 2003
300 ## - Физическа характеристика
Страници 24 с.
Илюстрации и др. с цв. ил.
Размери/Мащаб 16Х16 см
380 ## - Жанр
Жанр История
490 1# - СЕРИИ (Колекции)
Име на серия Българското Черноморие
650 #4 - Допълнително описание по предмет – тема
Основно описание – тема или топоним Черноморие, българско - история
9 (RLIN) 256023
650 #4 - Допълнително описание по предмет – тема
Основно описание – тема или топоним Градове - България
9 (RLIN) 243112
650 #4 - Допълнително описание по предмет – тема
Основно описание – тема или топоним Созопол - история
9 (RLIN) 279538
653 ## - Ключова дума – ненормативна
Ключова дума Созопол
653 ## - Ключова дума – ненормативна
Ключова дума история
653 ## - Ключова дума – ненормативна
Ключова дума старини
852 ## - Местоположение
Форматна сигнатура Цб І 31095
856 4# - Електронен адрес и достъп
Електронен формат pdf - файл
Път до файла /url/
856 4# - Електронен адрес и достъп
Електронен формат pdf - файл
Път до файла /url/
942 ## - АРТИКУЛИ
Вид на библиотечния материал Книги
Скрит в OPAC Не
944 ## - СЪЗДАВАНЕ И РЕДАКЦИЯ на ЗАПИСА
Създаване/Редакция Създаване
Дата на регистрацията/редакция 04.02.2004
Служител, извършил регистрацията/редакцията Геновева_Генчева
944 ## - СЪЗДАВАНЕ И РЕДАКЦИЯ на ЗАПИСА
Създаване/Редакция Редакция
Дата на регистрацията/редакция 08.03.2004
Служител, извършил регистрацията/редакцията
999 ## - СИСТЕМНИ КОНТРОЛНИ НОМЕРА
Koha biblionumber 105649
Koha biblioitemnumber 105649
Наличности
Код за отписване Код за изгубен артикул Код за повреда Коз за рестрикции Код за отдаване Артикулен № Име на библиотеката - собственик Име на библиотеката, в която се намира в момента Статус (Текущо местоположение) Дата на вписване в системата Местоположение - отдел Цена в лева Инвентарен номер Систематично азбучна сигнатура Баркод Номер на екземпляра Цена в евро Служебна бележка Служебен тип на артикула
  Не е изгубен Не е повреден без рестрикции ползва се в читалня 170538 Регионална библиотека "Любен Каравелов" Русе Регионална библиотека "Любен Каравелов" Русе Хранилище 2004-02-10 Хранилище 4.00 120000682558 Цб I 31095 120000682558 1 2.05 Дост: Dp Вид: Д N: 10 Дата: 19.02.2003 Книги
Vip Innovations Ltd, Rousse, Bulgaria 2025